| 000 | 00992nam a2200313 i 4500 | ||
|---|---|---|---|
| 001 | bg | ||
| 245 | 1 | 0 |
_aSłownik socjologii i nauk społecznych / _cpod red. Gordona Marshalla ; red. nauk. pol. wyd. Marek Tabin ; [przeł. Alina Kapciak et al. ] ; Oxford. |
| 246 | 1 |
_iTyt. oryg. : _aConcice Oxford dictionary of sociology |
|
| 250 | _aWyd. 1 (3 dodr.). | ||
| 260 |
_aWarszawa : _bWydawnictwo Naukowe PWN, _c2006. |
||
| 300 |
_aVI, [2], 531 s. ; _c24 cm. |
||
| 504 | _aIndeksy | ||
| 650 | 9 | _aSocjologia | |
| 655 | _aEncyklopedie | ||
| 700 | 1 |
_aMarshall, Gordon _d(1952- ). _eRed. |
|
| 700 | 1 |
_aTabin, Marek. _eRed. |
|
| 700 | 1 | _aMolyneux, Maxine | |
| 700 | 1 |
_aKapciak, Alina. _eTł. |
|
| 020 | _a9788301132194 | ||
| 020 | _a8301132191 | ||
| 040 | _cBPK | ||
| 041 | 1 |
_apol _heng |
|
| 044 | _aPOL | ||
| 080 | _a316 | ||
| 080 | _a(03) | ||
| 942 | _cKS | ||
| 008 | s pl f |000 0 pol | ||
| 999 |
_c54638 _d54638 |
||
| 856 |
_uhttp://koha.tu.koszalin.pl/cgi-bin/koha/opac-detail.pl?biblionumber=54638 _yKatalog online BPK |
||